000 00202nam a22000977a 4500
999 _c15812
_d15812
003 OSt
008 191021b ||||| |||| 00| 0 eng d
100 _aThomas,C J.
_94324
245 _aBhootham
942 _cBK